| 000 | 00675nam a2200217 a 4500 | ||
|---|---|---|---|
| 999 |
_c7257 _d7257 |
||
| 001 | 7257 | ||
| 003 | BD-JhCC | ||
| 005 | 20180207131355.0 | ||
| 008 | 180207s1982 bg |||| || a 000 0 ben d | ||
| 035 | _a(BD-JhCC)7257 | ||
| 040 |
_aBD-JhCC _dBD-JhCC |
||
| 041 | _aben | ||
| 082 |
_a954.92 _bHAS 1982 |
||
| 100 | _aহাসান, ফারুক | ||
| 245 |
_aপিতৃভূমি ও স্বরূপ অন্বেষণ / _cফারুক হাসান, |
||
| 260 |
_aঢাকা : _bএ, জেড, এম, বদরৃুদ্দোজা _c1982 |
||
| 300 |
_a162 p. : _c24 cm. |
||
| 650 | _aHistory of Bangladesh | ||
| 942 |
_2ddc _cBK |
||